000 01593nam a2200217Ia 4500
003 Ost
005 20260507075230.0
008 260507s9999||||xx |||||||||||||| ||und||
020 _a7901199579
040 _cfsecg
041 _aara
082 _a330
100 _aجعارة، أسامة عمر
_eمؤلف
245 0 _aدليل الطالب في المحاسبة :
_b280 سؤال و جواب /
_c أسامة عمر جعارة
260 _aعمان:
_bدار وائل,
_c2008
300 _a158 صفحة؛
_bإيضاحات ؛
_c24 سم
520 _aالمحاسبة في بيئة العمل ، عملية التسجيل ، تسوية الحسابات ، استكمال الدورة المحاسبية ، المحاسبة في عمليات البضاعة ، المحاسبة عن المخزون ، نظم معلومات محاسبية ، الرقابة الداخلية و النقدية ، المحاسبة عن المدينون العقارات و المعدات ، الخموارد الطبيعية و الاصول غير الملموسة ، الالتوامات قصيرة الاجل ومحاسبة الاجور و الرواتب ، المبادئ المحاسبية ، المحاسبة عن شركات الاشخاص (التضامن) ، شركات الاموال( المساهمة ) : التنظيمات و عمليات رأس مال الاسهم ، شركات الاموال ( الساهمة ): التاوزيعات ، الارباح المحتجزة و التقرير عن الدخل.
653 _aالمحاسبة
653 _aمحاسبة الشركات
942 _cكتاب
999 _c43558
_d43558